• 首页
  • 本馆介绍
  • 公告通知
  • 最新文献
  • 馆藏检索
  • 电子资源
  • 读者导购
  • 参考咨询
  • 我的图书馆
  • 登录
  • 详细信息显示
  • 放入我的书架
  • 预约/预借图书
  • 作者相关作品
  • 分类相关作品
  • 丛书相关作品
  • 出版社相关作品

书目信息

  • 表格格式
  • 工作单格式
  • 卡片格式
题名:
猩猩游戏
    
 
作者: 摩尔 , 约翰逊 , 基波拉 著 ;高媛媛 译
分册:  
出版信息: 北京   机械工业出版社  2022
页数: 18,330页
开本: 23cm
丛书名:
单 册:
中图分类: F264.2-62 , F264.2
科图分类:
主题词: 高技术产业--投资--指南
电子资源:
ISBN: 978-7-111-69518-9
000 01574nam0 2200301 450
001 2235742905
005 20221019095609.45
010    @a978-7-111-69518-9@dCNY79.00
100    @a20220121d2022 em y0chiy50 ea
101 1  @achi@ceng
102    @aCN@b110000
105    @aa z 000yy
200 1  @a猩猩游戏@9xing xing you xi@e高科技潜力股投资指南@dThe gorilla game@epicking winners in high technology, revised edition@f(美)杰弗里·摩尔(Geoffrey A. Moore),(美)保罗·约翰逊(Paul Johnson),(美)汤姆·基波拉(Tom Kippola)著@g高媛媛译@zeng
210    @a北京@c机械工业出版社@d2022
215    @a18,330页@c图@d23cm
300    @a杰弗里·摩尔管理系列
305    @aLevine Greenberg Rostan Literary Agency通过Bardon-Chinese Media Agency授权出版
330    @a本书介绍了:杰弗里·摩尔说,获胜的关键是玩“猩猩游戏”。在《猩猩游戏》中,你将循序渐进地了解:如何发现一个即将迎来快速增长的高科技市场;如何在早期识别和投资潜在的“猩猩公司”;以及随着市场日趋成熟,如何将你的投资集中于唯一的新兴市场领袖——“猩猩公司”。高科技产业领域的投资风险极高,但那些掌握了“猩猩游戏”规则的投资者可以避开许多陷阱,转而获得难以估量的回报。
510 1  @aGorilla game@epicking winners in high technology, revised edition@zeng
606 0  @a高技术产业@x投资@j指南
690    @aF264.2-62@v5
690    @aF264.2@v4
701  0 @c(美)@a摩尔@9mo er@c(Moore, Geoffrey A.)@4著
701  0 @c(美)@a约翰逊@9yue han xun@c(Johnson, Paul)@4著
701  0 @c(美)@a基波拉@9ji bo la@c(Kippola, Tom)@4著
702  0 @a高媛媛@9gao yuan yuan@4译
801  0 @aCN@b91MARC@c20220122
905    @aZUCC@dF264.2@e3
    
    猩猩游戏:高科技潜力股投资指南=The gorilla game:picking winners in high technology, revised edition/(美)杰弗里·摩尔(Geoffrey A. Moore),(美)保罗·约翰逊(Paul Johnson),(美)汤姆·基波拉(Tom Kippola)著/高媛媛译.-北京:机械工业出版社,2022
    18,330页:图;23cm
    杰弗里·摩尔管理系列
    
    ISBN 978-7-111-69518-9:CNY79.00
    本书介绍了:杰弗里·摩尔说,获胜的关键是玩“猩猩游戏”。在《猩猩游戏》中,你将循序渐进地了解:如何发现一个即将迎来快速增长的高科技市场;如何在早期识别和投资潜在的“猩猩公司”;以及随着市场日趋成熟,如何将你的投资集中于唯一的新兴市场领袖——“猩猩公司”。高科技产业领域的投资风险极高,但那些掌握了“猩猩游戏”规则的投资者可以避开许多陷阱,转而获得难以估量的回报。
●
相关链接 在五车中查询图书 在当当中查询图书 在豆瓣中查询图书


正题名:猩猩游戏     索取号:F264.2/3         预约/预借

序号 登录号 条形码 馆藏地/架位号 状态 备注
1 2000914555   2000914555   第三书库/ [索取号:F264.2/3] 在馆    
2 2000914556   2000914556   第三书库/ [索取号:F264.2/3] 已借出,限还日期为2025.12.30
借出人:穆热提江·木萨  
 
3 2000914557   2000914557   第三书库/ [索取号:F264.2/3] 在馆    
山东省滨州职业学院图书馆 欢迎您!
大连网信软件有限公司© 版权所有